00559nam a2200217Ia 4500008004100000020001500041050000800056050001500064100002100079245002600100245002100126260002000147260003700167260000900204300001300213300001200226300001100238440001700249650004000266650003500306160319s9999 xx 000 0 und d a9716300069 a920 bL358a 1992 aLatorre, Stephen a Apolinario Mabini /  cStephen Latorre. aMakati Manila : bTahanan Books for Young Readers  c1992 a32 p. :  bill. ;  c25 cm. aGreat lives. aHeroes -- Philippines -- Biography. aMabini, Apolinario, 1864-1903.